000 01424cam a2200349 a 4500
001 15216021
003 OSt
005 20230602123417.0
008 080312s2007 caua 000 0 eng d
010 _a 2008297182
020 _a9781403144843
020 _a1403144842
035 _a(OCoLC)ocn184721833
040 _aCLZ
_cCLZ
_dBAKER
_dDPL
_dDLC
042 _alccopycat
082 0 0 _a299.93622
_bHUB
100 1 _aHubbard, L. Ron
_q(La Fayette Ron),
_d1911-1986.
245 1 0 _aDianetics :
_bthe modern science of mental health /
_cL. Ron Hubbard.
250 _a[New ed.].
260 _aLos Angeles, Calif. :
_bBridge Publications, Inc.,
_cc2007.
300 _a679 p. :
_bill. ;
_c25 cm.
500 _a"A Hubbard publication".
504 _aIncludes bibliographical references and index.
650 0 _aDianetics.
856 4 2 _3Publisher description
_uhttp://www.loc.gov/catdir/enhancements/fy0827/2008297182-d.html
856 4 2 _3Contributor biographical information
_uhttp://www.loc.gov/catdir/enhancements/fy1109/2008297182-b.html
856 4 1 _3Sample text
_uhttp://www.loc.gov/catdir/enhancements/fy1306/2008297182-s.html
856 4 1 _3Table of contents only
_uhttp://www.loc.gov/catdir/enhancements/fy1306/2008297182-t.html
906 _a7
_bcbc
_ccopycat
_d2
_encip
_f20
_gy-gencatlg
942 _2ddc
_cBK
999 _c135
_d135